[Event "Brno Open FIDE"]
[Site "?"]
[Date "2016.08.23"]
[Round "4"]
[White "Strebkovs, Andrejs"]
[Black "Pokorny, Petr"]
[Result "1-0"]
[WhiteElo "2285"]
[BlackElo "2176"]
[PlyCount "67"]
[EventDate "2016.08.??"]

1. d4 d5 2. Nf3 c6 3. c4 e6 4. Qc2 Bd6 5. Nc3 f5 6. Bg5 Ne7 7. e3 O-O 8. Bd3
Nd7 9. cxd5 cxd5 10. Nb5 Bb4+ 11. Ke2 Nf6 12. h3 Bd7 13. a3 Qb6 14. Nc3 Bxc3
15. bxc3 Bb5 16. Rab1 Bxd3+ 17. Qxd3 Qc7 18. Rhc1 Ng6 19. c4 Qd7 20. Bxf6 gxf6
21. cxd5 Qxd5 22. Rb5 Qd7 23. Qb3 Rf7 24. Rbc5 Nf8 25. g4 fxg4 26. hxg4 b6 27.
Rc6 Rd8 28. g5 Qd5 29. Qxd5 Rxd5 30. gxf6 Rxf6 31. Ne5 Ra5 32. Rc8 Rxa3 33.
Rg1+ Kh8 34. f4 1-0

[Event "Brno Open FIDE"]
[Site "?"]
[Date "2016.08.23"]
[Round "4"]
[White "Pribyl, Rene"]
[Black "Vyskocil, Neklan"]
[Result "1/2-1/2"]
[WhiteElo "1989"]
[BlackElo "2318"]
[PlyCount "76"]
[EventDate "2016.08.??"]

1. d4 Nf6 2. c4 c5 3. Nf3 g6 4. Nc3 cxd4 5. Nxd4 d6 6. g3 Nc6 7. Bg2 Bd7 8. O-O
Bg7 9. e3 O-O 10. b3 Qc8 11. Bb2 Bh3 12. Rc1 Bxg2 13. Kxg2 Qd7 14. Nxc6 bxc6
15. Qc2 a5 16. Rfd1 c5 17. f3 Qb7 18. e4 Nd7 19. h3 Ne5 20. Nd5 Nc6 21. Bxg7
Kxg7 22. Rf1 Nd4 23. Qc3 f6 24. Rb1 e6 25. Ne3 Qc7 26. Rf2 Kg8 27. Nc2 Nc6 28.
Ne3 f5 29. exf5 gxf5 30. f4 Rf7 31. Kh2 Raf8 32. Rd1 Rg7 33. Qd2 Nd4 34. Nc2 e5
35. Nxd4 exd4 36. Re2 h6 37. Rde1 Kh7 38. Qd3 Rf6 1/2-1/2

[Event "Brno Open FIDE"]
[Site "?"]
[Date "2016.08.23"]
[Round "4"]
[White "Dambrauskas, Virginijus"]
[Black "Rehurek, Lukas"]
[Result "0-1"]
[WhiteElo "2243"]
[BlackElo "2180"]
[PlyCount "64"]
[EventDate "2016.08.??"]

1. Nf3 Nf6 2. c4 c5 3. Nc3 Nc6 4. g3 d5 5. cxd5 Nxd5 6. Bg2 Nxc3 7. bxc3 e5 8.
Qa4 Bd7 9. Rb1 Qc7 10. Qb3 Na5 {(R)} 11. Qc2 Bd6 12. O-O f6 13. Nh4 O-O-O 14.
Nf5 Bf8 15. Ne3 Bc6 16. c4 Bxg2 17. Kxg2 Nc6 18. Nd5 Qd7 19. e4 h5 20. f3 Bd6
21. d3 f5 22. Be3 Rdf8 23. Qe2 f4 24. Bg1 g5 25. h3 fxg3 26. Rb5 Rf7 27. Rfb1
Qe6 28. Qb2 g4 29. fxg4 hxg4 30. h4 Rhh7 31. Qa3 Qh6 32. Rxb7 Qd2+ 0-1

[Event "Brno Open FIDE"]
[Site "?"]
[Date "2016.08.23"]
[Round "4"]
[White "Krejci, Petr"]
[Black "Chudinovskis, Alexander"]
[Result "0-1"]
[WhiteElo "2007"]
[BlackElo "2258"]
[PlyCount "30"]
[EventDate "2016.08.??"]

1. Nf3 Nf6 2. g3 d5 3. Bg2 e6 4. d4 Be7 5. O-O O-O 6. c4 dxc4 7. Ne5 Nc6 8.
Bxc6 bxc6 9. Nxc6 Qe8 10. Nxe7+ Qxe7 11. Qa4 e5 12. dxe5 Qxe5 13. Nc3 Qe6 14.
Re1 Bb7 15. f3 Bxf3 0-1

[Event "Brno Open FIDE"]
[Site "?"]
[Date "2016.08.23"]
[Round "4"]
[White "Tikovsky, Alexandr"]
[Black "Stanek, Stanislav"]
[Result "1-0"]
[WhiteElo "2181"]
[BlackElo "1999"]
[PlyCount "111"]
[EventDate "2016.08.??"]

1. g3 d6 2. Bg2 Nc6 3. c4 e5 4. Nc3 Nf6 5. d3 Be7 6. e3 Be6 7. Nge2 Qc8 8. Nd5
Bh3 {(R)} 9. Bxh3 Qxh3 10. Nxc7+ Kd7 11. Nxa8 Rxa8 12. Ng1 Qf5 13. e4 Nxe4 14.
Qf3 Qxf3 15. Nxf3 Nc5 16. Ke2 Bf6 17. Be3 e4 18. dxe4 Nxe4 19. Rab1 Na5 20. Kd3
Re8 21. Rhe1 Nc6 22. a3 a5 23. Bb6 Nc5+ 24. Bxc5 Rxe1 25. Rxe1 dxc5 26. Re2 a4
27. Kc2 b6 28. g4 g6 29. h4 h6 30. g5 hxg5 31. hxg5 Bg7 32. Re4 Nd8 33. b3
axb3+ 34. Kxb3 Nc6 35. Kc2 Nd8 36. Kd3 Ne6 37. Rh4 Bb2 38. a4 Ke7 39. Rh1 Ba3
40. Ke4 Bb4 41. Kd5 Nf4+ 42. Kc6 Ba5 43. Rb1 Nd3 44. Rxb6 Nxf2 45. Rb7+ Ke6 46.
Kxc5 f5 47. Ra7 Ne4+ 48. Kb5 Bd8 49. Ra6+ Kf7 50. Ne5+ Ke8 51. Rxg6 Bxg5 52. a5
Kf8 53. c5 Be3 54. a6 Bxc5 55. Nd7+ Kf7 56. Nxc5 1-0

[Event "Brno Open FIDE"]
[Site "?"]
[Date "2016.08.23"]
[Round "4"]
[White "Snorek, Milan"]
[Black "Skacelik, Petr"]
[Result "1/2-1/2"]
[WhiteElo "2012"]
[BlackElo "2157"]
[PlyCount "27"]
[EventDate "2016.08.??"]

1. Nf3 Nf6 2. c4 g6 3. Nc3 Bg7 4. g3 O-O 5. Bg2 c5 6. O-O d6 7. a3 Nc6 8. Rb1
a5 9. d3 Bd7 10. Bd2 Rb8 11. Ne1 Ne8 12. Nc2 Nc7 13. b4 axb4 14. axb4 1/2-1/2

[Event "Brno Open FIDE"]
[Site "?"]
[Date "2016.08.23"]
[Round "4"]
[White "Zeman, Radek"]
[Black "Tsenov, Tsvetoslav"]
[Result "0-1"]
[WhiteElo "1977"]
[BlackElo "2148"]
[PlyCount "86"]
[EventDate "2016.08.??"]

1. e4 c5 2. Nf3 d6 3. d4 cxd4 4. Nxd4 Nf6 5. Nc3 g6 6. Be3 Nc6 7. f3 Bg7 8. Qd2
O-O 9. O-O-O Nxd4 10. Bxd4 Be6 11. g4 Nd7 12. Bxg7 Kxg7 13. h4 Qa5 14. h5 g5
15. Bb5 h6 16. f4 gxf4 17. Qxf4 f6 18. Bxd7 Bxd7 19. Rd5 Qc7 20. Rg1 Kh7 21.
Rf1 Rg8 22. Rf5 Rac8 23. Rf2 Be6 24. Nd5 Bxd5 25. exd5 Rg7 26. Qe4 Kh8 27. Qe3
Rxg4 28. Qxh6+ Kg8 29. c3 Qc4 30. Qe3 Qe4 31. Kd2 Qxe3+ 32. Kxe3 Rcc4 33. R2f4
Rcxf4 34. Rxf4 Rg5 35. Rc4 Rxd5 36. Rc7 Kf7 37. Rxb7 Rxh5 38. Rxa7 f5 39. b4
Rh3+ 40. Kd2 Rh2+ 41. Ke3 Kf6 42. a4 e5 43. a5 d5 0-1

[Event "Brno Open FIDE"]
[Site "?"]
[Date "2016.08.23"]
[Round "4"]
[White "Marko, Daniel"]
[Black "Meszaros, Ludek"]
[Result "1/2-1/2"]
[WhiteElo "1955"]
[BlackElo "2128"]
[PlyCount "91"]
[EventDate "2016.08.??"]

1. d4 Nf6 2. c4 g6 3. Nf3 Bg7 4. g3 O-O 5. Bg2 d6 6. O-O Nc6 7. Nc3 a6 8. Re1
Rb8 9. Rb1 b5 10. cxb5 axb5 11. b4 e5 12. dxe5 Ng4 13. Bg5 Qd7 14. Nd5 h6 15.
Nf6+ Bxf6 16. Bxf6 dxe5 17. Bh4 g5 18. Qc1 gxh4 19. h3 hxg3 20. hxg4 gxf2+ 21.
Kxf2 Rb6 22. Qxh6 f6 23. Rh1 Qg7 24. Qxg7+ Kxg7 25. Kg3 Rg8 26. Rh5 Kf8 27. g5
e4 28. Nd2 f5 29. Rf1 Ke7 30. Bh3 Nd4 31. e3 Nc2 32. Rc1 Nxe3 33. Rxc7+ Kd8 34.
Rc5 Be6 35. Kf2 Nd5 36. Nxe4 Nf4 37. Nf6 Nxh5 38. Nxg8 Bxg8 39. Bxf5 Bxa2 40.
Bd3 Nf4 41. Bxb5 Ne6 42. Re5 Ke7 43. Bd3 Kd6 44. Rb5 Rc6 45. Ra5 Bd5 46. Ra6
1/2-1/2

[Event "Brno Open FIDE"]
[Site "?"]
[Date "2016.08.23"]
[Round "4"]
[White "Straka, Vojtech"]
[Black "Popper, Tomas"]
[Result "1/2-1/2"]
[WhiteElo "1917"]
[BlackElo "2043"]
[PlyCount "49"]
[EventDate "2016.08.??"]

1. d4 Nf6 2. c4 c5 3. Nf3 cxd4 4. Nxd4 Nc6 5. e3 a6 6. Nc3 e6 7. g3 d5 8. Bg2
Nxd4 9. Qxd4 dxc4 10. Qxc4 Be7 11. O-O O-O 12. Rd1 Qa5 13. Bd2 Qe5 14. Na4 b5
15. Qc3 Qxc3 16. Bxc3 Ra7 17. Bd4 Rc7 18. Nb6 Bc5 19. Na8 Bxd4 20. Nxc7 Bxb2
21. Rab1 Be5 22. Rbc1 b4 23. Rc5 Bc3 24. a3 Nd7 25. Rxd7 {(R)} 1/2-1/2

[Event "Brno Open FIDE"]
[Site "?"]
[Date "2016.08.23"]
[Round "4"]
[White "Stehlik, Jiri"]
[Black "Spodny, Josef"]
[Result "1/2-1/2"]
[WhiteElo "1968"]
[BlackElo "1929"]
[PlyCount "54"]
[EventDate "2016.08.??"]

1. d4 Nf6 2. Nf3 e6 3. g3 d5 4. Bg2 Be7 5. O-O O-O 6. c4 Nbd7 7. Nbd2 c6 8. b3
b6 9. Qc2 Bb7 10. e4 dxe4 11. Nxe4 Nxe4 12. Qxe4 Nf6 13. Qe2 Qc8 14. Bb2 Qc7
15. Rfe1 Rfe8 16. Rad1 Rad8 17. Ne5 Bb4 18. Rf1 Nd7 19. Nd3 Bf8 20. Rfe1 Be7
21. h4 Qc8 22. Qf3 Bf6 23. h5 h6 24. b4 Ba8 25. c5 bxc5 26. bxc5 Qa6 27. Bf1
Qa4 1/2-1/2

[Event "Brno Open FIDE"]
[Site "?"]
[Date "2016.08.23"]
[Round "4"]
[White "Zuziak, Petr"]
[Black "Dvorak, Adam"]
[Result "0-1"]
[WhiteElo "1909"]
[BlackElo "2211"]
[PlyCount "172"]
[EventDate "2016.08.??"]

1. d4 Nf6 2. Nf3 c5 3. e3 g6 4. c4 Bg7 5. Nc3 O-O 6. Be2 cxd4 7. exd4 d5 8. O-O
dxc4 9. Bxc4 Bg4 10. Be3 Qa5 11. h3 Bxf3 12. Qxf3 Nc6 13. Rfd1 e6 14. a3 Rac8
15. Ne2 Rfd8 16. b4 Qf5 17. Qxf5 exf5 18. Rac1 Ne4 19. Bb3 b6 20. f3 Nd6 21.
Rc2 Ne7 22. Rdc1 Rxc2 23. Rxc2 Nb5 24. a4 Nxd4 25. Bxd4 Bxd4+ 26. Nxd4 Rxd4 27.
Rc7 Rxb4 28. Rxe7 Rxb3 29. Rxa7 Kg7 30. Rb7 Rb4 31. Ra7 g5 32. a5 bxa5 33. Rxa5
Kg6 34. g3 Rb1+ 35. Kg2 Rb2+ 36. Kg1 f6 37. Ra4 Rb1+ 38. Kg2 Rb2+ 39. Kg1 h6
40. Rc4 Rb1+ 41. Kg2 Rb2+ 42. Kg1 h5 43. Ra4 Re2 44. Rb4 {(R)} Kf7 45. Rb7+ Re7
46. Rb4 Rd7 47. Ra4 Ke6 48. Kf2 Rd2+ 49. Kg1 Rc2 50. Ra6+ Ke5 51. Ra5+ Ke6 52.
Ra6+ Kf7 53. Ra4 Kg6 54. Rb4 h4 55. gxh4 gxh4 56. Rxh4 Kg5 57. Rb4 f4 58. Kf1
Rh2 59. h4+ Rxh4 60. Rb5+ Kg6 61. Kg2 Rh5 62. Rb4 Rf5 63. Re4 Kg5 64. Rb4 Rc5
65. Rb2 Kf5 66. Re2 Rc3 67. Rb2 Ke5 68. Rb5+ Kd4 69. Kf2 Rc2+ 70. Kf1 Rd2 71.
Rf5 Ke3 72. Rxf6 Kxf3 73. Ke1 Re2+ 74. Kf1 Ra2 75. Ke1 Ra1+ 76. Kd2 Rf1 77. Rf8
Kg2 78. Rg8+ Kf2 79. Rg7 f3 80. Rb7 Re1 81. Rf7 Re8 82. Kd3 Rd8+ 83. Ke4 Ke2
84. Ra7 f2 85. Ra2+ Rd2 86. Rxd2+ Kxd2 0-1

[Event "Brno Open FIDE"]
[Site "?"]
[Date "2016.08.23"]
[Round "4"]
[White "Hrdlicka, Vladan"]
[Black "Fojtik, Tomas"]
[Result "0-1"]
[WhiteElo "1783"]
[BlackElo "2061"]
[PlyCount "51"]
[EventDate "2016.08.??"]

1. e4 c5 2. Nf3 e6 3. d4 cxd4 4. Nxd4 a6 5. Nc3 Qc7 6. Be2 Nf6 7. O-O Be7 8.
Be3 Nc6 9. Nb3 b5 10. a3 Bb7 11. Nc5 Bc8 12. Nb3 d6 13. Kh1 Bb7 14. Qe1 Na5 15.
f3 Nc4 16. Bc1 O-O 17. Nd1 d5 18. e5 Nxe5 19. f4 Nc4 20. Qh4 Ne4 21. Qh5 g6 22.
Qg4 Bf6 23. Rf3 Bg7 24. c3 Bc8 25. Qh4 Qd8 26. Qe1 {a èerný vyhrál ve 42. tahu.
} 0-1

[Event "Brno Open FIDE"]
[Site "?"]
[Date "2016.08.23"]
[Round "4"]
[White "Macurek, Miloslav"]
[Black "Habina, Martin"]
[Result "1-0"]
[WhiteElo "1688"]
[BlackElo "1991"]
[PlyCount "119"]
[EventDate "2016.08.??"]

1. e4 d6 2. d4 Nf6 3. Nc3 g6 4. f4 Bg7 5. Nf3 c5 6. Bb5+ Bd7 7. e5 Ng4 8. Bxd7+
Qxd7 9. d5 h5 10. h3 Nh6 11. Be3 Na6 12. Qd2 Nf5 13. Bf2 Nc7 14. Ne4 Qa4 15.
Nc3 Qc4 16. b3 Qb4 17. Rd1 Bh6 18. Ne2 Qe4 19. O-O b6 20. Qd3 Qxd3 21. Rxd3 Bg7
22. Ng3 Nxg3 23. Bxg3 O-O-O 24. c4 f6 25. e6 Rhg8 26. Nh4 g5 27. Nf5 Bf8 28.
fxg5 Rxg5 29. Bxd6 Rxf5 30. Rxf5 Rxd6 31. Rg3 Bh6 32. Rxh5 Bf4 33. Rg7 Nxe6 34.
Rxe7 Nc7 35. Rhh7 Rd8 36. g4 a5 37. Kf2 Re8 38. Kf3 Rxe7 39. Rxe7 Kd8 40. Rh7
Be5 41. h4 Ne8 42. h5 Nd6 43. h6 Ke8 44. Rh8+ Kf7 45. Rb8 Kg6 46. Rxb6 Kxh6 47.
Ra6 Kg5 48. Rxa5 Bd4 49. Ra7 f5 50. gxf5 Kxf5 51. Re7 Bc3 52. a4 Bb4 53. Ke3
Ba5 54. Ra7 Bb6 55. Ra6 Bc7 56. Rc6 Bb8 57. a5 Ke5 58. a6 Nf5+ 59. Kd3 Nd4 60.
Rb6 1-0

[Event "Brno Open FIDE"]
[Site "?"]
[Date "2016.08.23"]
[Round "4"]
[White "Licka, Vlastimil"]
[Black "Von Keyserlingk, Chanda"]
[Result "1-0"]
[WhiteElo "1944"]
[BlackElo "1794"]
[PlyCount "39"]
[EventDate "2016.08.??"]

1. e4 c5 2. Nf3 d6 3. c3 Nf6 4. Be2 Nc6 5. d4 g6 6. d5 Nb8 7. Qc2 Bg7 8. c4 O-O
9. h3 Na6 10. a3 Nc7 11. Nc3 a6 12. Be3 Nd7 13. Qd2 Re8 14. Bh6 Bh8 15. h4 e5
16. dxe6 Rxe6 17. Ng5 f6 18. Nxe6 Nxe6 19. Qxd6 Nd4 20. Qd5+ 1-0

[Event "Brno Open FIDE"]
[Site "?"]
[Date "2016.08.23"]
[Round "4"]
[White "Marsa, Alexandr"]
[Black "Mencik, Pavel"]
[Result "1-0"]
[WhiteElo "1000"]
[BlackElo "1893"]
[PlyCount "93"]
[EventDate "2016.08.??"]

1. d4 Nf6 2. c4 c5 3. dxc5 e5 4. Nc3 Bxc5 5. Nf3 Nc6 6. e3 O-O 7. a3 a5 8. Be2
h6 9. O-O d6 10. Qc2 Be6 11. Rd1 Rc8 12. Qb1 Ne8 13. Nd5 f5 14. b4 Ba7 15. Bb2
e4 16. Nd4 Nxd4 17. Bxd4 Bxd4 18. Rxd4 Bxd5 19. Rxd5 a4 20. Qa2 Kh7 21. Rad1
Qf6 22. Qa1 Qf7 23. Qd4 Qe7 24. g3 g5 25. c5 dxc5 26. bxc5 Kg6 27. Bb5 Nf6 28.
Rd6 f4 29. exf4 gxf4 30. Bxa4 fxg3 31. hxg3 Kh7 32. Bc2 b6 33. c6 Ra8 34. Re1
Rxa3 35. Bxe4+ Kg8 36. Bd5+ Nxd5 37. Rxe7 Nxe7 38. Rd7 Nf5 39. Qd5+ Kh8 40.
Qe5+ Kg8 41. Qe6+ Kh8 42. Qg6 Ra1+ 43. Kh2 Ne7 44. Rxe7 Rxf2+ 45. Kh3 Rh1+ 46.
Kg4 h5+ 47. Kg5 1-0

[Event "Brno Open FIDE"]
[Site "?"]
[Date "2016.08.23"]
[Round "4"]
[White "Prokop, Jiri"]
[Black "Janous, Petr"]
[Result "0-1"]
[WhiteElo "1695"]
[BlackElo "1918"]
[PlyCount "118"]
[EventDate "2016.08.??"]

1. f4 d5 2. Nf3 Nf6 3. e3 g6 4. d4 Bg7 5. Bd3 c5 6. c3 b6 7. O-O O-O 8. Nbd2
Ba6 9. Bxa6 Nxa6 10. Qe2 Nc7 11. e4 Nxe4 12. Nxe4 dxe4 13. Qxe4 cxd4 14. Nxd4
Bxd4+ 15. Qxd4 Qxd4+ 16. cxd4 e6 17. Be3 Nd5 18. Kf2 Rfc8 19. Rac1 Kf8 20. a3
Ke7 21. Rxc8 Rxc8 22. Rc1 Rxc1 23. Bxc1 b5 24. Bd2 Kd6 25. Kf3 Nf6 26. h3 Kd5
27. g4 h5 28. b3 hxg4+ 29. hxg4 Ne4 30. Be3 Nc3 31. f5 gxf5 32. gxf5 exf5 33.
Kf4 Ke6 34. Bd2 Nd5+ 35. Kf3 f4 36. a4 a6 37. axb5 axb5 38. Ba5 Kf5 39. Bd8 Nc3
40. Be7 Ne4 41. b4 f6 42. Bc5 Ng5+ 43. Kg2 Ke4 44. Kf2 Ne6 45. Be7 f5 46. Bc5
Nxd4 47. Kf1 Kd3 48. Kf2 Kc4 49. Bd6 Nc6 50. Kf3 Kd5 51. Bxf4 Nxb4 52. Bd2 Nd3
53. Bc3 Kc4 54. Bg7 b4 55. Ke3 f4+ 56. Kf3 Nc5 57. Be5 Ne6 58. Ke4 Kb3 59. Kd3
Ka2 0-1

[Event "Brno Open FIDE"]
[Site "?"]
[Date "2016.08.23"]
[Round "4"]
[White "Martisek, Karel"]
[Black "Brda, Vlastimil"]
[Result "1-0"]
[WhiteElo "1821"]
[BlackElo "1246"]
[PlyCount "81"]
[EventDate "2016.08.??"]

1. f4 c5 2. b3 b6 3. Nf3 Bb7 4. e3 e6 5. Bb2 Nc6 6. c4 Nge7 7. Be2 Ng6 8. O-O
Nh4 9. Nc3 Nb4 10. d4 Nf5 11. Qd2 cxd4 12. exd4 Be7 13. a3 Na6 14. d5 Bf6 15.
Rad1 Nc5 16. dxe6 fxe6 17. b4 Na6 18. g4 Nh4 19. Nxh4 Bxh4 20. Bf3 Bxf3 21.
Rxf3 Rc8 22. Ne4 Be7 23. Qd3 Nb8 24. Rh3 Bf8 25. Be5 Nc6 26. Bd6 Ne7 27. Bb8
Ng6 28. Nd6+ Bxd6 29. Bxd6 Rc6 30. Qxg6+ hxg6 31. Rxh8+ Kf7 32. Rxd8 g5 33.
Rxd7+ Kg6 34. h4 gxh4 35. c5 bxc5 36. bxc5 a6 37. Re1 Kh6 38. Rxe6+ Kh7 39.
Rxg7+ Kxg7 40. Be5+ Kf7 41. Rxc6 1-0

[Event "Brno Open FIDE"]
[Site "?"]
[Date "2016.08.23"]
[Round "4"]
[White "Blazek, Pavel"]
[Black "Habinova, Alice"]
[Result "1-0"]
[WhiteElo "1755"]
[BlackElo "1212"]
[PlyCount "55"]
[EventDate "2016.08.??"]

1. e4 c5 2. Nc3 d6 3. f4 g6 4. Nf3 Bg7 5. Bb5+ Nc6 6. d3 Bd7 7. O-O e6 8. Qe1
Nge7 9. Nd1 O-O 10. Bxc6 Nxc6 11. Bd2 Re8 12. Bc3 Bxc3 13. bxc3 Qb6 14. e5 d5
15. Nf2 c4 16. d4 Ne7 17. Ng4 Nf5 {(R)} 18. Nf6+ Kg7 19. Nxd7 Qc6 20. Nf6 Rec8
21. g4 Nh6 22. Qh4 Rh8 23. Nh5+ Kf8 24. Qf6 Rg8 25. Ng5 gxh5 26. Qxh6+ Ke8 27.
Qxh7 Rf8 28. Qxh5 1-0

[Event "Brno Open FIDE"]
[Site "?"]
[Date "2016.08.23"]
[Round "4"]
[White "Fryda, Dominik"]
[Black "Haupt, Jaromir"]
[Result "1/2-1/2"]
[WhiteElo "1640"]
[BlackElo "1740"]
[PlyCount "51"]
[EventDate "2016.08.??"]

1. f4 d6 2. e4 Nf6 3. Nc3 g6 4. Nf3 Bg7 5. Bc4 c6 6. Bb3 O-O 7. d3 Na6 8. O-O
Nc5 9. Be3 Nxb3 10. axb3 Ng4 11. Qd2 c5 12. h3 Nxe3 13. Qxe3 Bd7 14. Rfe1 Bc6
15. e5 b6 16. Ne4 dxe5 17. fxe5 Qd5 18. Nc3 Qe6 19. Ng5 Qf5 20. g4 Qc8 21. Nf3
h5 22. Nh2 f5 23. exf6 Bxf6 24. Ne2 Qd7 25. c3 Rad8 26. Nf4 1/2-1/2

[Event "Brno Open FIDE"]
[Site "?"]
[Date "2016.08.23"]
[Round "4"]
[White "Koci, Milos"]
[Black "Kosina, Vladimir"]
[Result "0-1"]
[WhiteElo "1251"]
[BlackElo "1707"]
[PlyCount "82"]
[EventDate "2016.08.??"]

1. d4 Nf6 2. Bf4 d6 3. Nf3 Nbd7 4. Nbd2 c5 5. c3 Qc7 6. e3 e5 7. dxe5 dxe5 8.
Bg3 Be7 9. Nc4 O-O 10. Ncxe5 Nxe5 11. Bxe5 Qc6 12. Qc2 Be6 13. Nd2 g6 14. Nf3
Rfd8 15. Be2 Bf5 16. Qb3 Bd3 17. Bxd3 Rxd3 18. O-O c4 19. Qc2 Rad8 20. Nd4 Qe4
21. Nf3 Ng4 22. Bg3 Rxe3 23. Qxe4 Rxe4 24. Rfe1 Rxe1+ 25. Rxe1 Bf6 26. h3 Nh6
27. Bh4 Bxh4 28. Nxh4 Rd2 29. Rb1 a6 30. Nf3 Rd5 31. Re1 b5 32. Nd4 Kf8 33. a3
Ng8 34. Kf1 Nf6 35. Re2 Nd7 36. g3 Nc5 37. Kg2 Rd6 38. Kf1 Nd3 39. Kg2 Rf6 40.
Nf3 Rf5 41. Kf1 Rxf3 0-1

[Event "Brno Open FIDE"]
[Site "?"]
[Date "2016.08.23"]
[Round "4"]
[White "Veznik, Michael"]
[Black "Zejda, Karel"]
[Result "0-1"]
[WhiteElo "1817"]
[BlackElo "1772"]
[PlyCount "78"]
[EventDate "2016.08.??"]

1. e4 c5 2. Nf3 d6 3. d4 cxd4 4. Nxd4 Nf6 5. Nc3 a6 6. Be2 e6 7. a4 Be7 8. O-O
O-O 9. Be3 Nbd7 10. f4 Qc7 11. a5 Nb8 12. Qd2 Nc6 13. Nb3 Nd7 14. Na4 Rb8 15.
c4 Re8 16. Rac1 Nf6 17. Bf3 Bd8 18. Nb6 Qe7 19. Rfe1 Bc7 20. g4 Rd8 21. Qf2 h6
22. h4 Nh7 23. g5 hxg5 24. hxg5 Nf8 25. Rcd1 Ng6 26. Bg4 Qf8 27. Kg2 f5 28.
exf5 exf5 29. Bf3 Be6 30. Nd4 Nxd4 31. Rxd4 Qf7 32. Bd2 Bxb6 33. axb6 Bxc4 34.
Bb4 d5 35. Bd1 Re8 36. b3 Rxe1 37. Qxe1 Re8 38. Qd2 Bb5 39. Bf3 Nh4+ 0-1

[Event "Brno Open FIDE"]
[Site "?"]
[Date "2016.08.23"]
[Round "4"]
[White "Zikan, Karel"]
[Black "Hruza, Dominik"]
[Result "0-1"]
[WhiteElo "1725"]
[BlackElo "1772"]
[PlyCount "94"]
[EventDate "2016.08.??"]

1. Nf3 d5 2. d4 Nf6 3. c4 c6 4. cxd5 cxd5 5. Nc3 Nc6 6. Bf4 a6 7. e3 Bg4 8. Be2
e6 9. O-O Bd6 10. Bxd6 Qxd6 11. Rc1 O-O 12. a3 Rac8 13. b4 b5 14. h3 Bxf3 15.
Bxf3 Nd7 16. Ne2 Nb6 17. Nf4 Nc4 18. Rc3 Nb8 19. Qc1 Nd7 20. Nd3 Qb6 21. Nc5
Nf6 22. Rd1 Rfd8 23. Be2 h6 24. Bd3 Ra8 25. Nb3 Rdc8 26. Nc5 a5 27. Nb3 axb4
28. axb4 Ra4 29. Nc5 Rxb4 30. Bxc4 bxc4 31. Ra3 Rb8 32. Ra6 Qb5 33. Qa3 Rb1 34.
Rxb1 Qxb1+ 35. Kh2 Qb2 36. Kg3 Qc2 37. Ra8 Rxa8 38. Qxa8+ Kh7 39. Qb7 Nh5+ 40.
Kh2 Qxf2 41. Nd7 Qg3+ 42. Kh1 Qe1+ 43. Kh2 Qg3+ 44. Kh1 Qxe3 45. Nf8+ Kg8 46.
Qb8 Qe1+ 47. Kh2 Qg3+ 0-1

[Event "Brno Open FIDE"]
[Site "?"]
[Date "2016.08.23"]
[Round "4"]
[White "Koci, Tomas"]
[Black "Koci, Tereza"]
[Result "1/2-1/2"]
[WhiteElo "1569"]
[BlackElo "1717"]
[PlyCount "32"]
[EventDate "2016.08.??"]

1. d4 d5 2. c4 dxc4 3. Nf3 Nf6 4. e3 Bg4 5. Bxc4 e6 6. O-O Bd6 7. Nbd2 c6 8. h3
Bh5 9. Re1 O-O 10. Nf1 Ne4 11. Bd3 f5 12. N1d2 Nxd2 13. Bxd2 Qf6 14. Be2 Nd7
15. Bc3 Bxf3 16. Bxf3 Qh4 1/2-1/2

[Event "Brno Open FIDE"]
[Site "?"]
[Date "2016.08.24"]
[Round "5"]
[White "Rehurek, Lukas"]
[Black "Strebkovs, Andrejs"]
[Result "0-1"]
[WhiteElo "2180"]
[BlackElo "2285"]
[PlyCount "84"]
[EventDate "2016.08.??"]

1. e4 d5 2. exd5 Qxd5 3. Nc3 Qd6 4. d4 Nf6 5. Nf3 c6 6. Ne5 Be6 7. f4 {(R)} g6
8. Be2 Bg7 9. Bf3 O-O 10. O-O Na6 11. Be3 Nb4 12. Ne4 Nxe4 13. Bxe4 Nd5 14. Bd2
Nf6 15. Bd3 Qxd4+ 16. Kh1 Ne4 17. Bxe4 Qxe4 18. Bc3 Rad8 19. Qe1 Qxc2 20. Qe3
Bd5 21. Rf2 Qa4 22. a3 b6 23. Re1 Be6 24. g4 Rd1 25. Rfe2 Rfd8 26. Kg2 Rxe1 27.
Rxe1 Qc2+ 28. Re2 Qd1 29. Re1 Qb3 30. Kg3 Rd6 31. h4 Bd5 32. Re2 f6 33. Nf3 Re6
34. Qxe6+ Bxe6 35. Nd4 Qc4 36. Rxe6 c5 37. Rc6 Qd3+ 38. Nf3 h5 39. gxh5 gxh5
40. Rc7 Kf7 41. Rxa7 Bh6 42. a4 Qg6+ 0-1

[Event "Brno Open FIDE"]
[Site "?"]
[Date "2016.08.24"]
[Round "5"]
[White "Vyskocil, Neklan"]
[Black "Tsenov, Tsvetoslav"]
[Result "1-0"]
[WhiteElo "2318"]
[BlackElo "2148"]
[PlyCount "85"]
[EventDate "2016.08.??"]

1. d4 Nf6 2. Nf3 e6 3. e3 c5 4. Bd3 b6 5. O-O Bb7 6. Nbd2 Be7 7. b3 O-O 8. Bb2
Nc6 9. a3 d6 10. Qe2 Qc7 11. c4 Rfe8 12. Rac1 Rad8 13. Bb1 Nb8 14. e4 cxd4 15.
Nxd4 Nbd7 16. f4 a6 17. Kh1 Bf8 18. N4f3 e5 19. f5 Qb8 20. b4 Qa8 21. Bd3 a5
22. Ra1 a4 23. Rae1 b5 24. cxb5 d5 25. Bb1 Bd6 26. exd5 Bxd5 27. Ne4 Nxe4 28.
Bxe4 Nf6 29. Bxd5 Nxd5 30. Qe4 f6 31. Rd1 Be7 32. h3 Kf8 33. Kh2 Qb7 34. Rd2
Qxb5 35. Rfd1 Nb6 36. Qb7 Rb8 37. Qe4 Red8 38. Bc1 Rxd2 39. Rxd2 Rd8 40. Rxd8+
Bxd8 41. Be3 Nd5 42. Bc5+ Be7 43. Qxd5 1-0

[Event "Brno Open FIDE"]
[Site "?"]
[Date "2016.08.24"]
[Round "5"]
[White "Chudinovskis, Alexander"]
[Black "Pribyl, Rene"]
[Result "1-0"]
[WhiteElo "2258"]
[BlackElo "1989"]
[PlyCount "109"]
[EventDate "2016.08.??"]

1. d4 d5 2. Nf3 Nf6 3. c4 e6 4. g3 c5 5. Bg2 Nc6 6. O-O cxd4 7. Nxd4 Bc5 8. Nb3
Be7 9. cxd5 Nxd5 10. Bd2 O-O 11. Nc3 Nf6 12. Be3 Bd7 13. Nc5 Bxc5 14. Bxc5 Re8
15. Nb5 Qa5 16. a4 a6 17. b4 Nxb4 18. Bxb4 Qxb4 19. Nc7 Rab8 20. Nxe8 Bxe8 21.
Rb1 Qxa4 22. Qd6 Rc8 23. Bxb7 Rc2 24. Qxa6 g6 25. Qxa4 Bxa4 26. Ba6 Kg7 27.
Rfc1 Bb3 28. Rxc2 Bxc2 29. Rb2 Be4 30. Bb7 Bxb7 31. Rxb7 h5 32. f3 Nd5 33. Kf2
Nf6 34. e4 Nh7 35. Ke3 Nf6 36. Kf4 Nh7 37. e5 g5+ 38. Ke4 Nf8 39. f4 gxf4 40.
gxf4 Ng6 41. Rb3 Ne7 42. Rg3+ Kh7 43. Rg5 Kh6 44. h4 Ng6 45. f5 Nxh4 46. fxe6
fxe6 47. Rg8 Nf5 48. Re8 Ng7 49. Re7 Kg6 50. Kf4 Kh6 51. Rf7 Kg6 52. Rf6+ Kh7
53. Kg5 Kh8 54. Rh6+ Kg8 55. Kf6 1-0

[Event "Brno Open FIDE"]
[Site "?"]
[Date "2016.08.24"]
[Round "5"]
[White "Pokorny, Petr"]
[Black "Tikovsky, Alexandr"]
[Result "1/2-1/2"]
[WhiteElo "2176"]
[BlackElo "2181"]
[PlyCount "46"]
[EventDate "2016.08.??"]

1. d4 g6 2. c4 Bg7 3. Nc3 d6 4. e4 e5 5. Nge2 Nc6 6. Be3 Nh6 7. f3 f5 8. Qd2
fxe4 9. Nxe4 Nf5 10. Bg5 Bh6 11. Bxh6 Qh4+ 12. N2g3 Qxh6 13. Qxh6 Nxh6 14. dxe5
Nxe5 15. Nf6+ Kf7 16. Nd5 c6 17. Nc3 Nf5 18. Nxf5 Bxf5 19. O-O-O Rad8 20. Be2
a6 21. f4 Ng4 22. Bxg4 Bxg4 23. Rd2 Rhe8 1/2-1/2